Superbohaterowie - aktorzy - Statystyki

Ogólne statystyki
  • Ten quiz został rozwiązany 260 razy
  • Średni wynik to 12 z 28
Statystyki odpowiedzi
Postać Aktor % Poprawnych
Spider-Man Tobey Maguire/Andrew Garfield/Tom Holland
92%
Iron-Man Robert Downey Jr.
80%
Thor Chris Hemsworth
76%
Kapitan Ameryka Chris Evans
75%
Czarna Wdowa Scarlet Johansson
75%
Batman Michael Keaton/Val Kilmer/George Clooney/Christian Bale/Ben Affleck
69%
Scarlet Witch Elizabeth Olsen
59%
Hulk Eric Bana/Edward Norton/Mark Ruffalo
57%
Star-Lord Chris Pratt
56%
Superman Christopher Reeve/Henry Cavill
53%
Wonder-Woman Gal Gadot
53%
Zielona Latarnia Ryan Reynolds
53%
Aquaman Jason Momoa
48%
Daredevil Ben Affleck/Charlie Cox
44%
Czarna Pantera Chadwick Boseman
43%
Kapitan Marvel Brie Larson
42%
Ant-Man Paul Rudd
41%
Sokole Oko Jeremy Renner
38%
Falcon Anthony Mackie
30%
Flash Ezra Miller
28%
Blade Wesley Snipes
22%
Osa Evangeline Lilly/Michelle Pfeiffer
20%
War Machine Terence Howard/Don Cheadle
19%
Shazam Zachary Levi
12%
Frank Castle Jon Bernthal
7%
Iron Fist Finn Jones
4%
Jessica Jones Krysten Ritter
4%
Luke Cage Mike Colter
4%
Nie znaleziono quizów pasujących do podanych kryteriów
Rozkład punktacji
Procent ludzi z każdym wynikiem
Percentyl według liczby udzielonych odpowiedzi
Twoja historia wyników
Nie rozwiązałeś tego quizu